000 00417nam a2200133 4500
005 20260424093050.0
008 260424b |||||||| |||| 00| 0 eng d
020 _a978-81-219-2978-3
100 _aBahl Arun, Bahl B. S & Tuli G. D
245 _aEssentials of Physical Chemistry
_c/Arun,B.S & G.D
260 _aNew Delhi, India;
_bS Chand and Company Limited;
_c1977
300 _axvii,1262p.ill;
_c24cm
942 _2lcc
_n0
_cBK
999 _c234
_d234